[Event "Polanica Zdroj op-D 47th"]
[Site "Polanica Zdroj"]
[Date "2011.08.26"]
[Round "7"]
[White "Fronczak, Sebastian"]
[Black "Jankowski, Rafal"]
[Result "1-0"]
[WhiteElo "1695"]
[BlackElo "1529"]
[PlyCount "113"]
[EventDate "2011.08.20"]
[EventType "swiss"]
[EventRounds "9"]
[EventCountry "POL"]
[SourceTitle "EXT 2014"]
[Source "ChessBase"]
[SourceDate "2013.11.20"]
[SourceVersion "1"]
[SourceVersionDate "2013.11.20"]
[SourceQuality "1"]

1. e4 c6 2. Nc3 d5 3. Nf3 dxe4 4. Nxe4 Bf5 5. Ng3 Bg4 6. Bc4 e6 7. h3 Bxf3 8. Qxf3 Nf6 9. 0-0 Be7 10. c3 0-0 11. d4 Nbd7 12. Bd2 Re8 13. Rfe1 Qc7 14. Bf4 Bd6 15. Bxd6 Qxd6 16. Ne4 Nxe4 17. Rxe4 Nf6 18. Re3 Nd5 19. Bxd5 exd5 20. Rae1 Rxe3 21. Qxe3 h6 22. Qe7 Qxe7 23. Rxe7 Rb8 24. Kf1 Kf8 25. Rc7 h5 26. f3 g6 27. Kf2 Kg7 28. Ke3 Kf6 29. Kd3 Ke6 30. a4 h4 31. a5 a6 32. Kc2 f6 33. Rh7 g5 34. Kb3 Kf5 35. Kb4 Kf4 36. Re7 Kg3 37. Re2 f5 38. Kc5 Rf8 39. b3 g4 40. hxg4 fxg4 41. fxg4 Kxg4 42. Kb6 Rf7 43. Re8 Kg3 44. Rg8+ Kf2 45. Rg4 Rh7 46. c4 dxc4 47. bxc4 Ke3 48. d5 cxd5 49. cxd5 Kf2 50. d6 Ke3 51. Rb4 Kf2 52. Rd4 Rd7 53. Kc5 Kxg2 54. Rxh4 Kg3 55. Re4 Rd8 56. Re7 Rc8+ 57. Rc7 1-0